[Event "Budapest FS09 FM"]
[Site "Budapest"]
[Date "2011.09.13"]
[Round "11"]
[White "Farkas, Richard"]
[Black "Szatmari, David"]
[Result "1-0"]
[WhiteElo "2009"]
[BlackElo "2021"]
[PlyCount "57"]
[EventDate "2011.09.03"]
[EventType "tourn"]
[EventRounds "11"]
[EventCountry "HUN"]
[SourceTitle "CBM 144 Extra"]
[Source "ChessBase"]
[SourceDate "2011.10.28"]
[SourceVersion "1"]
[SourceVersionDate "2011.10.28"]
[SourceQuality "1"]

1. e4 e5 2. Nf3 Nf6 3. d4 exd4 4. e5 Ne4 5. Qxd4 d5 6. exd6 Nxd6 7. Bd3 Nc6 8. Qe3+ Be7 9. 0-0 0-0 10. c3 Nf5 11. Qe2 Bf6 12. Qc2 g6 13. Bf4 Be6 14. Nbd2 Nce7 15. Ne4 Bg7 16. Nc5 Bd5 17. Be4 b6 18. Bxd5 Nxd5 19. Bg5 f6 20. Ne6 Qe7 21. Nxg7 fxg5 22. Nxf5 Rxf5 23. Rfe1 Qf7 24. Ne5 Qe6 25. Ng4 Qd7 26. Nh6+ Kg7 27. Nxf5+ gxf5 28. Rad1 Qf7 29. Re5 1-0

[Event "Budapest FS09 FM"]
[Site "Budapest"]
[Date "2011.09.03"]
[Round "1"]
[White "Szatmari, David"]
[Black "Fuad Kamel Jamaliah, Natalie"]
[Result "1-0"]
[WhiteElo "2021"]
[BlackElo "1942"]
[PlyCount "123"]
[EventDate "2011.09.03"]
[EventType "tourn"]
[EventRounds "11"]
[EventCountry "HUN"]
[SourceTitle "CBM 144 Extra"]
[Source "ChessBase"]
[SourceDate "2011.10.28"]
[SourceVersion "1"]
[SourceVersionDate "2011.10.28"]
[SourceQuality "1"]

1. d4 d5 2. Nf3 Nf6 3. c4 e6 4. Nc3 c6 5. Bg5 Be7 6. e3 Nbd7 7. a3 0-0 8. Rc1 dxc4 9. Bxc4 Nd5 10. Bxe7 Qxe7 11. 0-0 N5b6 12. Bd3 e5 13. Qc2 h6 14. Rfe1 Re8 15. Rcd1 Qf8 16. dxe5 Nxe5 17. Nxe5 Rxe5 18. Ne4 Bd7 19. f4 Rd5 20. Nc3 Bg4 21. Nxd5 Bxd1 22. Nf6+ gxf6 23. Rxd1 Nd5 24. Qf2 Qc5 25. Re1 Re8 26. Qg3+ Kf8 27. Kf2 Qb6 28. Re2 Qc5 29. f5 Re5 30. Qf3 a5 31. Be4 Ne7 32. g4 Nd5 33. Bxd5 Rxd5 34. Qf4 Kg7 35. Kg3 Re5 36. Kh4 Kh7 37. Kh5 Qf8 38. Rd2 Qg7 39. Rd7 Qg6+ 40. Kh4 Qg5+ 41. Qxg5 hxg5+ 42. Kg3 Kg7 43. Rxb7 Rxe3+ 44. Kf2 Rh3 45. Kg2 Rd3 46. Kf1 Rd2 47. h3 Rd3 48. Rb6 Rxh3 49. Rxc6 Rf3+ 50. Kg2 Rf4 51. Kg3 a4 52. Rb6 Rc4 53. Rb4 Rc2 54. Kf3 Kf8 55. Ke3 Ke7 56. Kd3 Rg2 57. Kc3 Rg3+ 58. Kc2 Rg2+ 59. Kb1 Rg1+ 60. Ka2 Rf1 61. Rxa4 Rf4 62. Rb4 1-0

[Event "Budapest op 1st"]
[Site "Budapest"]
[Date "2011.08.28"]
[Round "9"]
[White "Torok, Tamas Titusz"]
[Black "Szatmari, David"]
[Result "1-0"]
[WhiteElo "2059"]
[BlackElo "2021"]
[PlyCount "49"]
[EventDate "2011.08.20"]
[EventType "swiss"]
[EventRounds "9"]
[EventCountry "HUN"]
[SourceTitle "EXT 2022"]
[Source "ChessBase"]
[SourceDate "2021.10.06"]
[SourceVersion "1"]
[SourceVersionDate "2021.10.06"]
[SourceQuality "1"]

1. e4 e6 2. c4 c5 3. Nf3 Nc6 4. Nc3 Nf6 5. d4 cxd4 6. Nxd4 a6 7. Nxc6 dxc6 8. Qxd8+ Kxd8 9. Bg5 h6 10. 0-0-0+ Bd7 11. Be3 b5 12. f3 e5 13. a3 Kc7 14. Be2 Bd6 15. Rd2 Be7 16. g4 Be6 17. Kb1 bxc4 18. Na4 Nd7 19. Rc1 Rab8 20. Bxc4 Bxc4 21. Rxc4 Rb3 22. Bc5 Nxc5 23. Nxc5 Rxf3 24. Rd7+ Kb6 25. Rb7+ 1-0

[Event "Budapest op 1st"]
[Site "Budapest"]
[Date "2011.08.26"]
[Round "7"]
[White "Medve, Mark"]
[Black "Szatmari, David"]
[Result "0-1"]
[WhiteElo "1635"]
[BlackElo "2021"]
[PlyCount "110"]
[EventDate "2011.08.20"]
[EventType "swiss"]
[EventRounds "9"]
[EventCountry "HUN"]
[SourceTitle "EXT 2022"]
[Source "ChessBase"]
[SourceDate "2021.10.06"]
[SourceVersion "1"]
[SourceVersionDate "2021.10.06"]
[SourceQuality "1"]

1. d4 Nf6 2. c4 e6 3. Nf3 b6 4. g3 Bb7 5. Bg2 Bb4+ 6. Bd2 a5 7. 0-0 0-0 8. a3 Be7 9. Nc3 c5 10. Bg5 d6 11. Bxf6 Bxf6 12. e4 Ba6 13. Qd3 Nd7 14. d5 exd5 15. exd5 Be5 16. b3 f5 17. Nxe5 Nxe5 18. Qd2 a4 19. f4 Nd7 20. Rfb1 axb3 21. Bf1 Re8 22. Rxb3 Qf6 23. Rbb1 Re7 24. Re1 Rae8 25. Rxe7 Rxe7 26. Re1 Rxe1 27. Qxe1 Qd4+ 28. Kg2 Nf8 29. Na4 Bxc4 30. Bxc4 Qxc4 31. Nxb6 Qa6 32. Nd7 Qb7 33. Nxf8 Qxd5+ 34. Kh3 Kxf8 35. Qa5 Qc6 36. a4 c4 37. Qxf5+ Kg8 38. Qe6+ Kh8 39. f5 c3 40. f6 gxf6 41. Qf7 Qc8+ 42. Kg2 c2 43. Qxf6+ Kg8 44. Qg5+ Kf7 45. Qf4+ Ke8 46. Qe3+ Kd7 47. Qc1 Qb7+ 48. Kh3 Qb1 49. Qf4 c1Q 50. Qf7+ Kc6 51. Qe8+ Kb7 52. Qe7+ Qc7 53. Qe2 Qf5+ 54. g4 Qc3+ 55. Kg2 Qcc2 0-1

[Event "Budapest FS05 FM-B"]
[Site "Budapest"]
[Date "2011.05.13"]
[Round "7"]
[White "Szatmari, David"]
[Black "Hegedus, Peter1111"]
[Result "1-0"]
[WhiteElo "1991"]
[BlackElo "1776"]
[PlyCount "55"]
[EventDate "2011.05.07"]
[EventType "tourn"]
[EventRounds "10"]
[EventCountry "HUN"]
[SourceTitle "CBM 142 Extra"]
[Source "ChessBase"]
[SourceDate "2011.06.27"]
[SourceVersion "1"]
[SourceVersionDate "2011.06.27"]
[SourceQuality "1"]

1. d4 f5 2. g3 Nf6 3. Bg2 g6 4. c4 Bg7 5. Nc3 d6 6. Nf3 0-0 7. 0-0 c6 8. Qc2 Na6 9. a3 Bd7 10. b4 Nc7 11. Nd2 Rb8 12. Bb2 e5 13. dxe5 dxe5 14. Rad1 Qe7 15. Nb3 Ne6 16. Na4 e4 17. Be5 b5 18. Bd6 Qf7 19. Nac5 bxc4 20. Na5 Nxc5 21. bxc5 Nd5 22. Bxf8 Qxf8 23. Qxc4 Rb5 24. Nb3 Be6 25. Nd4 Bf7 26. Nxb5 cxb5 27. Qxb5 Nc3 28. Qa5 1-0

[Event "Budapest FS05 FM-B"]
[Site "Budapest"]
[Date "2011.05.12"]
[Round "6"]
[White "Rusek, Walter"]
[Black "Szatmari, David"]
[Result "0-1"]
[WhiteElo "1828"]
[BlackElo "1991"]
[PlyCount "68"]
[EventDate "2011.05.07"]
[EventType "tourn"]
[EventRounds "10"]
[EventCountry "HUN"]
[SourceTitle "CBM 142 Extra"]
[Source "ChessBase"]
[SourceDate "2011.06.27"]
[SourceVersion "1"]
[SourceVersionDate "2011.06.27"]
[SourceQuality "1"]

1. d4 d5 2. c4 c6 3. cxd5 cxd5 4. Nf3 Nc6 5. Nc3 a6 6. Qb3 Nf6 7. a3 Na5 8. Qc2 g6 9. Bf4 Bf5 10. Qd1 Rc8 11. Nh4 Be6 12. Nf3 Nc4 13. Qb3 b5 14. e3 Qa5 15. Bxc4 Rxc4 16. 0-0 Ne4 17. Na2 Bg7 18. Rfc1 0-0 19. Qd1 Rfc8 20. Nb4 Qb6 21. Ne5 Bxe5 22. Bxe5 f6 23. Bg3 a5 24. Nd3 Bf5 25. Ne1 Qc6 26. Rxc4 bxc4 27. Nf3 Qb5 28. Qc1 Nxg3 29. hxg3 Rb8 30. Ra2 Qb3 31. Qa1 Qc2 32. Ne1 Qb1 33. Qxb1 Bxb1 34. Ra1 Rxb2 0-1

[Event "Budapest Karacsonyi op 2nd"]
[Site "Budapest"]
[Date "2010.12.30"]
[Round "7"]
[White "Szatmari, David"]
[Black "Yip, Michael"]
[Result "1/2-1/2"]
[WhiteElo "1923"]
[BlackElo "2019"]
[PlyCount "30"]
[EventDate "2010.12.27"]
[EventType "swiss"]
[EventRounds "7"]
[EventCountry "HUN"]
[SourceTitle "EXT 2022"]
[Source "ChessBase"]
[SourceDate "2021.10.06"]
[SourceVersion "1"]
[SourceVersionDate "2021.10.06"]
[SourceQuality "1"]

1. d4 Nf6 2. c4 e6 3. Nf3 b6 4. a3 Bb7 5. Nc3 d5 6. Bg5 Be7 7. e3 Nbd7 8. Be2 0-0 9. 0-0 h6 10. Bh4 dxc4 11. Bxc4 Ne4 12. Bxe7 Qxe7 13. Nxe4 Bxe4 14. Nd2 Bb7 15. Rc1 c5 1/2-1/2

[Event "Budapest Karacsonyi op 2nd"]
[Site "Budapest"]
[Date "2010.12.28"]
[Round "3"]
[White "Halak, Miklos"]
[Black "Szatmari, David"]
[Result "0-1"]
[WhiteElo "2115"]
[BlackElo "1923"]
[PlyCount "84"]
[EventDate "2010.12.27"]
[EventType "swiss"]
[EventRounds "7"]
[EventCountry "HUN"]
[SourceTitle "EXT 2022"]
[Source "ChessBase"]
[SourceDate "2021.10.06"]
[SourceVersion "1"]
[SourceVersionDate "2021.10.06"]
[SourceQuality "1"]

1. e4 e5 2. Nf3 Nc6 3. Bb5 a6 4. Ba4 Nf6 5. 0-0 Be7 6. c3 0-0 7. Re1 b5 8. Bb3 d6 9. h3 Na5 10. Bc2 Bb7 11. d4 exd4 12. cxd4 d5 13. e5 Ne4 14. Nc3 Bb4 15. Qd3 f5 16. exf6 Qxf6 17. a3 Bxc3 18. bxc3 Bc8 19. Kh2 Bf5 20. Qf1 Nc4 21. Bxe4 Bxe4 22. Ng5 Nd6 23. Be3 h6 24. Nxe4 Nxe4 25. f4 Qh4 26. Qf3 Qe7 27. Bf2 Qd6 28. g3 Rae8 29. Ra2 Kh8 30. h4 Qc6 31. Re3 Qc4 32. Qe2 Qxe2 33. Raxe2 Kg8 34. Kg2 Kf7 35. g4 Nd6 36. Ra2 Rxe3 37. Bxe3 Nc4 38. Bf2 a5 39. Kf3 Re8 40. f5 Kf6 41. Ra1 h5 42. gxh5 Kxf5 0-1

[Event "Budapest FS09 FM"]
[Site "Budapest"]
[Date "2010.09.12"]
[Round "9"]
[White "Szatmari, David"]
[Black "Zala, Gyula"]
[Result "1/2-1/2"]
[WhiteElo "1909"]
[BlackElo "2023"]
[PlyCount "72"]
[EventDate "2010.09.04"]
[EventType "tourn"]
[EventRounds "11"]
[EventCountry "HUN"]
[SourceTitle "CBM 138 Extra"]
[Source "ChessBase"]
[SourceDate "2010.10.29"]
[SourceVersion "1"]
[SourceVersionDate "2010.10.29"]
[SourceQuality "1"]

1. e4 e5 2. Nf3 d5 3. Nxe5 Qe7 4. d4 f6 5. Nd3 dxe4 6. Nf4 g5 7. Qh5+ Kd8 8. Ne2 Bf5 9. h4 Bg6 10. Qg4 Nh6 11. Qh3 c6 12. hxg5 fxg5 13. Qg3 Nf7 14. Be3 Na6 15. Nbc3 Nb4 16. 0-0-0 Nd5 17. Nxd5 cxd5 18. Nc3 h6 19. Nxd5 Qd7 20. Nc3 a6 21. Bc4 Bd6 22. Qh3 g4 23. Qh4+ Be7 24. Qg3 Bd6 25. Bf4 Rc8 26. Bxf7 Rxc3 27. bxc3 Ba3+ 28. Kd2 Qxf7 29. Bc7+ Kd7 30. Be5 Rc8 31. Qxg4+ Bf5 32. Qg3 Bb2 33. Rb1 Bxc3+ 34. Kd1 b5 35. Rxh6 Rc6 36. Rxc6 Kxc6 1/2-1/2

[Event "Budapest FS09 FM"]
[Site "Budapest"]
[Date "2010.09.05"]
[Round "2"]
[White "Szatmari, David"]
[Black "Nyland, Thomas"]
[Result "1-0"]
[WhiteElo "1909"]
[BlackElo "2106"]
[PlyCount "47"]
[EventDate "2010.09.04"]
[EventType "tourn"]
[EventRounds "11"]
[EventCountry "HUN"]
[SourceTitle "CBM 138 Extra"]
[Source "ChessBase"]
[SourceDate "2010.10.29"]
[SourceVersion "1"]
[SourceVersionDate "2010.10.29"]
[SourceQuality "1"]

1. e4 e5 2. Nf3 Nc6 3. d4 exd4 4. Nxd4 Nf6 5. Nxc6 bxc6 6. e5 Ne4 7. Be3 d5 8. Nd2 Bf5 9. Nb3 Be7 10. Nd4 Bd7 11. f3 Bb4+ 12. Ke2 c5 13. fxe4 cxd4 14. Qxd4 c5 15. Qxd5 0-0 16. c3 Ba5 17. Bxc5 Re8 18. Kf2 Bc7 19. Bc4 Be6 20. Qxd8 Rexd8 21. Bxe6 fxe6 22. Bd4 a5 23. b3 g5 24. Ke2 1-0

[Event "Budapest Sinus-B 1st"]
[Site "Budapest"]
[Date "2010.08.20"]
[Round "7"]
[White "Kasparova, Tatiana"]
[Black "Szatmari, David"]
[Result "0-1"]
[WhiteElo "2167"]
[BlackElo "1910"]
[PlyCount "102"]
[EventDate "2010.08.14"]
[EventType "tourn"]
[EventRounds "9"]
[EventCountry "HUN"]
[SourceTitle "CBM 138 Extra"]
[Source "ChessBase"]
[SourceDate "2010.10.29"]
[SourceVersion "1"]
[SourceVersionDate "2010.10.29"]
[SourceQuality "1"]

1. e4 e6 2. d3 d5 3. Nd2 Nf6 4. Ngf3 c5 5. g3 Nc6 6. Bg2 Bd6 7. 0-0 0-0 8. Re1 Qc7 9. Qe2 dxe4 10. Nxe4 Nxe4 11. Qxe4 Nb4 12. Ng5 f5 13. Qe2 Re8 14. b3 h6 15. Nh3 Bd7 16. Nf4 e5 17. Nd5 Nxd5 18. Bxd5+ Be6 19. Bf3 Rad8 20. Bb2 Bf7 21. Bg2 Re7 22. Qf3 Bg6 23. Rad1 Rde8 24. a4 Kh7 25. h4 h5 26. Qe2 e4 27. dxe4 fxe4 28. Qe3 c4 29. Bd4 cxb3 30. cxb3 Bb4 31. Rc1 Qa5 32. Red1 a6 33. Bc5 Bxc5 34. Rxc5 Qb4 35. Rc4 Qa5 36. Rc5 Qb4 37. Rg5 Bf7 38. Rd4 Qxb3 39. Bxe4+ Rxe4 40. Qxb3 Bxb3 41. Rd7 R8e7 42. Rxh5+ Kg6 43. Rg5+ Kf7 44. Rd8 Bxa4 45. Kg2 Bc6 46. f3 Re2+ 47. Kh3 R7e5 48. Rxe5 Rxe5 49. Kg4 a5 50. f4 Re8 51. Rd3 a4 0-1

[Event "HUN-chT U18"]
[Site "Miskolc"]
[Date "2009.10.27"]
[Round "3.3"]
[White "Agoston, Aron"]
[Black "Szatmari, David"]
[Result "1/2-1/2"]
[WhiteElo "2023"]
[BlackElo "1801"]
[PlyCount "104"]
[EventDate "2009.10.26"]
[EventType "team-swiss"]
[EventRounds "8"]
[EventCountry "HUN"]
[SourceTitle "EXT 2016"]
[Source "ChessBase"]
[SourceDate "2015.10.08"]
[SourceVersion "1"]
[SourceVersionDate "2015.10.08"]
[SourceQuality "1"]

1. e4 e6 2. d4 d5 3. exd5 exd5 4. Bd3 Bd6 5. Nf3 Bg4 6. c3 Nf6 7. 0-0 0-0 8. Bg5 Nbd7 9. Nbd2 h6 10. Bh4 Bf4 11. Qc2 Bxd2 12. Nxd2 c5 13. dxc5 Nxc5 14. Bf5 g5 15. Bxg4 Nxg4 16. Qf5 Qc8 17. Qxc8 Raxc8 18. Bg3 Nd3 19. h3 Nf6 20. Rab1 Rfe8 21. Rfd1 Re2 22. Kf1 Rce8 23. Nf3 Rxb2 24. Rxb2 Nxb2 25. Rb1 Nc4 26. Rxb7 a6 27. Rb8 Rxb8 28. Bxb8 Ne4 29. Ke2 Nxc3+ 30. Kd3 Nxa2 31. Kd4 Nb4 32. Kc5 a5 33. Bg3 f5 34. h4 g4 35. Nd4 Nd2 36. Nxf5 h5 37. Bc7 Na6+ 38. Kc6 Nxc7 39. Kxc7 a4 40. Ne7+ Kf7 41. Nxd5 a3 42. Nb4 Nb1 43. Na2 Ke6 44. Kc6 Ke5 45. Kc5 Nd2 46. Kb4 Kf4 47. Kxa3 Ne4 48. Nc1 Nxf2 49. Ne2+ Ke3 50. Ng3 Ne4 51. Nxh5 Kf2 52. g3 Nxg3 1/2-1/2